000 01212nam0a2200277 4500
001 RU\NLR\BIBL_A\011763711
005 20260407174718.0
035 _a(NLR Aleph) 011763711
090 _a11690048
_c11690048
100 _a20180803d1883 |||y0rusy50 ca
101 0 _arus
102 _aRU
105 _ay z 000zy
200 1 _aРасписание воинских поездов при сохранении пассажирского движения
_fОбщество Привислянской железной дороги
210 _aВаршава
_cВ типографии О. Сикорского
_d1883
215 _a[2], 39 с.
_d23
517 1 _aРосписание воинских поездов при сохранении пассажирского движения
606 1 _aВоинские железнодорожные перевозки
_xРасписания
_92374899
_3RU\NLR\AUTH\6601638694
686 1 _aЦ60,5(2Р)1-2
710 0 2 _aПривислинские железные дороги
_3RU\NLR\AUTH\8810112236
_9724206
852 _aNLR
_j18.160.1.550
942 _cBOOK
980 _aNB